| 000 | 01453nam a2200313 i 4500 | ||
|---|---|---|---|
| 003 | DO-SdBNP | ||
| 005 | 20230721114626.0 | ||
| 006 | a|||||r|||| 00| 0 | ||
| 007 | ta | ||
| 008 | 230413e2017 dr aobdgr|||| 001 edspa d | ||
| 020 | _a9789945905816 | ||
| 040 |
_aDO-SdBNP _bspa _cBNPHU _erda |
||
| 082 | 4 |
_222 _bL864s |
|
| 245 | 1 | 0 |
_aSanto Domingo Este : _borigen, evolución, perspectivas. / _cJuan López, Ismael Hernández Flores; edición y coordinación general, Pedro Suárez; diseño y diagramación, Lisbeth Alejandra Suárez; fotografías, Felix Lara |
| 264 | 1 |
_aSanto Domingo : _bSuárez Diseño Gráfico, _c2017 |
|
| 300 |
_a170 páginas : _bIlustraciones, fotografías ; gráficos, mapas _c22 cm. |
||
| 336 |
_2rdaconten _atexto _btxt |
||
| 337 |
_2rdamedia _asin medición _bn |
||
| 338 |
_2rdacarrier _avolumen _bnc |
||
| 500 | _aIncluye pie de fotos. | ||
| 505 | _aPresentación. | ||
| 505 |
_aPrólogo. _gCapítulo I. _tOrigen del Municipio Santo Domingo Este.-- _gCapítulo II. _tEvolución del Municipio Santo Domingo Este.-- _gCapítulo III. _tPerspectivas del Municipio Santo Domingo Este.-- _gCapítulo IV. _tAnexos.-- _gCapítulo VI. _tBibliografía. |
||
| 590 | _aInventariado 2023 / MF | ||
| 700 | 1 |
_aHernández Flores, Ismael, _923299 _eautor |
|
| 700 | 1 |
_aCasals Suarez, Pedro, _924905 _eeditor |
|
| 700 | 1 |
_aSuarez, Lisbeth Alejanra, _ediseño y coordinación _983813 |
|
| 700 | 1 |
_aLara, Félix, _957288 _efotógrafo |
|
| 942 |
_2ddc _cLBS1 |
||
| 999 |
_c53242 _d53242 |
||